000 01691nam a22003974i 4500
999 _c63660
_d63660
001 768714001
003 CO-MdFUSB
005 20200413164255.0
007 cr cn|||||||||
008 130127t2012 sp ||||gs|||||||||||spa d
020 _a9788431353599
_qelectrónico
040 _aCO-MdFUSBC
_bspa
_cCO-MdFUSB
_dCO-MdFUSBC
_erda
041 _aspa
082 0 4 _a231.042
_222
100 1 _aArtigas, Mariano.
_eautor
245 1 0 _aCiencia, razón y fe
_c/ Mariano Artigas.
_h[recurso electrónico]
250 _aSegunda edición
264 1 _aEspaña :
_bEUNSA,
_c[2011]
264 4 _c© 2011
300 _arecurso en línea (196 páginas)
_b:
_c;
336 _2rdacontent
_atexto
_btxt
337 _2rdamedia
_ainformático
_bc
338 _2rdacarrier
_aremoto
_bcr
347 _2rda
_afichero de texto
_bHtml
490 0 _aIniciación Filosófica
505 _aGalileo: un problema sin resolver -- La fiabilidad de la ciencia experimental -- El materialismo científico -- Determinismo científico y libertad humana -- Evolución y cristianismo -- La verificación científica -- Los límites de la ciencia -- Ciencia y fe: una colaboración positiva -- Ciencia, razón y fe -- Ciencia, tecnología y humanismo.
516 _aTexto electrónico
538 _aAcceso a Internet; requiere usuario y clave asignada por la biblioteca
650 4 _aFe y razón.
650 4 _aReligión y ciencia.
776 _tCiencia, razón y fe
_z9788431328160
856 4 0 _uhttp://site.ebrary.com/lib/unisbcsp/Doc?id=10637085
_b10637085
_zAbrir Versión electrónica del libro Ciencia, razón y fe
942 _cBK
945 _aJTF-925